Shakespeare criticism in the Twentieth century (Record no. 10258)
[ view plain ]
| 000 -LEADER | |
|---|---|
| fixed length control field | 00551cam a2200193ua 4500 |
| 001 - CONTROL NUMBER | |
| control field | 11428 |
| 005 - DATE AND TIME OF LATEST TRANSACTION | |
| control field | 20260515114743.0 |
| 008 - FIXED-LENGTH DATA ELEMENTS--GENERAL INFORMATION | |
| fixed length control field | 190919n ii |||gr||||Z||||||eng |
| 020 ## - INTERNATIONAL STANDARD BOOK NUMBER | |
| International Standard Book Number | 9780198835752 |
| 040 ## - CATALOGING SOURCE | |
| Transcribing agency | MAIN |
| 082 ## - DEWEY DECIMAL CLASSIFICATION NUMBER | |
| Classification number | 809 |
| 100 ## - MAIN ENTRY--PERSONAL NAME | |
| Personal name | Michael taylor, |
| Relator term | Author. |
| 245 ## - TITLE STATEMENT | |
| Title | Shakespeare criticism in the Twentieth century |
| Statement of responsibility, etc. | By Michael taylor |
| 260 ## - PUBLICATION, DISTRIBUTION, ETC. | |
| Place of publication, distribution, etc. | New Delhi: |
| Name of publisher, distributor, etc. | Oxford University Press, |
| Date of publication, distribution, etc. | 2001. |
| 300 ## - PHYSICAL DESCRIPTION | |
| Extent | 278p. |
| 653 ## - INDEX TERM--UNCONTROLLED | |
| Uncontrolled term | History, description & criticism |
| 653 ## - INDEX TERM--UNCONTROLLED | |
| Uncontrolled term | Shakespeare criticism and scholarship |
| 942 ## - ADDED ENTRY ELEMENTS (KOHA) | |
| Koha item type | Books |
| Withdrawn status | Lost status | Damaged status | Not for loan | Home library | Current library | Shelving location | Date acquired | Total checkouts | Full call number | Barcode | Date last seen | Copy number | Price effective from | Koha item type |
|---|---|---|---|---|---|---|---|---|---|---|---|---|---|---|
| Naharkatiya College Library | Naharkatiya College Library | General stacks | 09/19/2020 | 809English literature | TAY | 27651 | 09/19/2020 | 1 | 09/19/2020 | Books | |||||
| Naharkatiya College Library | Naharkatiya College Library | General stacks | 09/19/2020 | 809English literature | TAY | 27652 | 09/19/2020 | 2 | 09/19/2020 | Books | |||||
| Naharkatiya College Library | Naharkatiya College Library | General stacks | 09/19/2020 | 809English literature | TAY | 27653 | 09/19/2020 | 3 | 09/19/2020 | Books |